[Event "Dortmund Sparkassen op-B"]
[Site "Dortmund"]
[Date "2006.08.01"]
[Round "4"]
[White "Schlicht, Peter"]
[Black "Ropers, Klaus"]
[Result "0-1"]
[WhiteElo "1302"]
[BlackElo "1741"]
[PlyCount "69"]
[EventDate "2006.07.28"]
[EventType "swiss"]
[EventRounds "9"]
[EventCountry "GER"]
[SourceTitle "CBM 113 Extra"]
[Source "ChessBase"]
[SourceDate "2006.09.14"]
[SourceVersion "1"]
[SourceVersionDate "2006.09.14"]
[SourceQuality "1"]

1. b3 f5 2. Bb2 Nf6 3. g3 g6 4. Bg2 Bg7 5. e3 0-0 6. Ne2 d6 7. 0-0 e5 8. d3 Nc6 9. Nd2 Ne7 10. Qe1 c6 11. Qd1 Qe8 12. Rb1 g5 13. f4 Qh5 14. fxg5 Ng4 15. h4 Nxe3 16. Bf3 Qg6 17. Qc1 Nxf1 18. Nxf1 Nd5 19. h5 Qe6 20. h6 Bh8 21. Nf4 exf4 22. Bxh8 Kxh8 23. Qb2+ Qe5 24. Qxe5+ dxe5 25. gxf4 Nxf4 26. Re1 Re8 27. Ng3 Nh3+ 28. Kg2 Nxg5 29. Bh5 Re7 30. Rf1 f4 31. Kh2 fxg3+ 32. Kxg3 Be6 33. Kh4 Rg8 34. Bg6 Rxg6 35. Rf8+ 0-1

[Event "Dortmund op-B"]
[Site "Dortmund"]
[Date "2005.07.15"]
[Round "7"]
[White "Schlicht, Peter"]
[Black "Mainka, Walter"]
[Result "1-0"]
[WhiteElo "1274"]
[BlackElo "1552"]
[PlyCount "124"]
[EventDate "2005.07.08"]
[EventType "swiss"]
[EventRounds "9"]
[EventCountry "GER"]
[SourceTitle "CBM 107 Extra"]
[Source "ChessBase"]
[SourceDate "2005.09.01"]
[SourceVersion "1"]
[SourceVersionDate "2005.09.01"]
[SourceQuality "1"]

1. Nf3 c5 2. b3 d5 3. Bb2 Nc6 4. g3 e6 5. Bg2 Nf6 6. 0-0 Be7 7. d3 a6 8. Nbd2 b5 9. Re1 0-0 10. e4 Bb7 11. exd5 Nxd5 12. c4 Ndb4 13. Ne5 Na5 14. Ndf3 f6 15. Ng4 Nxd3 16. Re2 Nxb2 17. Rxb2 Qb6 18. cxb5 axb5 19. Rd2 Bd5 20. Rb1 Rfd8 21. Qe2 Bf8 22. Rbd1 Nb7 23. Ne3 Re8 24. Qd3 Bc6 25. Qc2 Rac8 26. Ng4 e5 27. Nh4 Bxg2 28. Kxg2 Rc7 29. Rd7 Qc6+ 30. R7d5 Rd8 31. Ne3 Rcd7 32. Qe4 Nd6 33. Qc2 g6 34. Qxc5 Qb7 35. Kg1 Rc7 36. Qb4 Rcd7 37. Qd2 Qb8 38. Ng4 Bg7 39. Nh6+ Kf8 40. Ng4 Ke7 41. Qb4 Ke6 42. Ne3 Bf8 43. Nf3 Qa8 44. a4 bxa4 45. Rxd6+ Bxd6 46. Qc4+ Ke7 47. Nd5+ Kf8 48. Nxf6 Rf7 49. Ng5 Rxf6 50. Nxh7+ Kg7 51. Nxf6 Kxf6 52. Qh4+ Ke6 53. Qg4+ Kf7 54. Qc4+ Kg7 55. Rxd6 Rc8 56. Rd7+ Kf6 57. Qf7+ Kg5 58. h4+ Kh5 59. Qh7+ Kg4 60. Qxg6+ Kf3 61. Qd3+ Kg4 62. Rg7+ Kh3 1-0